| 000 | 00579nam a2200193Ia 4500 | ||
|---|---|---|---|
| 003 | LDD | ||
| 008 | 181029s9999 xx 000 0 und d | ||
| 020 |
_a195673425 _c2250.00 |
||
| 040 | _cLDD | ||
| 100 | _aChakrabarti, Dilip K. | ||
| 245 | 4 |
_aThe Oxford Companion to Indian Archaeology _cDilip K. Chakrabarti |
|
| 260 |
_aNew Delhi _bOxford University _c2006 |
||
| 300 | _axvi, 570p. | ||
| 365 | _b2250.00 | ||
| 901 |
_a3449 _b06-11-2006 |
||
| 902 |
_aG-430/06-07 _b20-11-2006 _cF _dMPD _e95 |
||
| 903 |
_aDiscount-10 _bReqst by : Kapil Kumar |
||
| 942 |
_2ddc _cBK |
||
| 999 |
_c76494 _d76494 |
||